000 00644nam a2200217 u 4500
005 20230316063607.0
008 150604s2006 es r 000 0 spa d
020 _a8484182673
035 _aUPN01000204096
049 _aI
050 4 _aPZ10.3
_bP5.3
100 1 _aPichon, Liz
_937644
245 1 0 _aDonato se aburre /
_cLiz Pichon ; tr. Angeles Fabregat.
260 _aBarcelona, Esp. :
_bZendrera Zariquiey,
_c2006.
300 _a[24] p. :
_bil. col.
534 _pTitulo original:
_tBored Bill
650 4 _aCuentos infantiles ingleses
_910002
650 0 _aPerros
_vCuentos y leyendas
_98586
905 _aInfantil
999 _c176197
_d176197